000 01420cam a2200349 a 4500
001 EDZ0000062166
003 StDuBDS
005 20161031105110.0
006 m||||||||d||||||||
007 cr |||||||||||
008 120307s1996 cau fo| 001|0|eng|d
020 _a9781452243580 (ebook) :
_cNo price
040 _aStDuBDS
_beng
_cStDuBDS
_epn
049 _aAlfaisal Main Library
050 0 _aHQ759.9
_b.K64 1996
082 0 4 _a306.8745
_223
100 1 _aKornhaber, Arthur.
245 1 0 _aContemporary grandparenting
_h[electronic resource] /
_cArthur Kornhaber.
260 _aThousand Oaks, Calif. ;
_aLondon :
_bSAGE,
_cc1996.
300 _a1 online resource (xvi, 231 p.)
520 8 _aThis book covers topics such as the grandparent-grandchild bond the relationship of grandparents to the community, the variety of grandparenting activities according to race, gender and age and the legal rights of grandparents. Case studies are included.
521 _aSpecialized.
588 _aDescription based on print version record.
504 _aIncludes bibliographical references and index.
650 0 _aGrandparenting.
650 0 _aGrandparent and child.
655 7 _aElectronic books.
_2local
710 2 _aSage eBooks
776 0 8 _iPrint version :
_z9780803958067
856 4 0 _uhttp://ezproxy.alfaisal.edu/login?url=http://sk.sagepub.com/books/contemporary-grandparenting
942 _2lcc
_cEBOOKS
999 _c479298
_d479298